Statistics for Top 10 Newcastle United Goalscorers

Click here to take the quiz!

General Stats

  • This quiz has been taken 1,167 times
    (1,166 since last reset)
  • The average score is 3 of 10

Answer Stats

Place Player # Goals % Correct
1Alan Shearer206
100%
2Jackie Milburn200
55%
6Peter Beardsley119
49%
5Malcolm MacDonald121
29%
=7Tom McDonald113
20%
4Hughie Gallacher143
13%
10Bryan Robson97
11%
3Len White153
9%
=7Bobby Mitchell113
4%
9Neil Harris101
3%

Score Distribution

Percentile by Number Answered

Percent of People with Each Score

Your Score History

You have not taken this quiz since the last reset